Ru he li yong hu lian wang, chuan zhuo sui yi zhuan qu ju e de shou ru (Chinese)

Bibliographic Details
Main Author: Sen, Ze
Format: Book
Published: Selangor : Kanyin Publications , 2007
Subjects:

MARC

LEADER 00000cam a2200000 7i4500
001 0000021331
005 20080717.0
008 080716
020 |a 9833789078 
090 0 0 |a 658.054678   |b SEN 
100 1 |a Sen, Ze 
245 1 0 |a Ru he li yong hu lian wang, chuan zhuo sui yi zhuan qu ju e de shou ru (Chinese)   |c Sen Ze 
260 |a Selangor :   |b Kanyin Publications ,   |c 2007 
650 0 |a Business enterpries   |x computer networks 
650 0 |a Direct marketing 
650 0 |a Electronic commerce 
650 0 |a Internet marketing 
999 |a 0001031068   |b Book   |c Chinese Collection   |e Perbadanan Perpustakaan Awam Johor